| 000 | 00373nam a22001337a 4500 | ||
|---|---|---|---|
| 082 | _aP-749 | ||
| 100 |
_aMuhammad Mushaid Khan _951231 |
||
| 245 |
_aIntegrated Building Design Software _cMuhammad Mushaid Khan |
||
| 260 |
_aRisalpur, _bMCE, _c2017. |
||
| 300 |
_a141p. _bNil |
||
| 526 |
_a0 _b0 _c0 _dP_749 |
||
| 700 |
_aLt Col Muhammad Maqbool Sadiq _951232 |
||
| 942 |
_2ddc _cBK |
||
| 999 |
_c553971 _d553971 |
||